Statistics for Madden NFL 22 Top 100 Players

Click here to take the quiz!

General Stats

  • This quiz has been taken 2,694 times
    (2,637 since last reset)
  • The average score is 70 of 100

Answer Stats

ClubPositionOverallPlayer% Correct
Kansas City ChiefsTE99Travis Kelce
99%
Los Angeles RamsRE99Aaron Donald
98%
Green Bay PackersWR99Davante Adams
98%
Kansas City ChiefsQB98
Patrick Mahomes
98%
Tampa Bay BuccaneersQB98Tom Brady
98%
Tennessee TitansHB98Derrick Henry
97%
Los Angeles RamsCB99
Jalen Ramsey
97%
Arizona CardinalsWR98DeAndre Hopkins
96%
Philadelphia EaglesC90Jason Kelce
96%
Green Bay PackersQB96Aaron Rodgers
95%
Seattle SeahawksSS90Jamal Adams
95%
Cleveland BrownsRE98
Myles Garrett
94%
Buffalo BillsWR97Stefon Diggs
94%
Kansas City ChiefsWR97Tyreek Hill
93%
San Francisco 49ersTE96George Kittle
91%
Cleveland BrownsHB96Nick Chubb
90%
Carolina PanthersHB97Christian McCaffrey
88%
Minnesota VikingsHB95Dalvin Cook
88%
Seattle SeahawksQB94Russell Wilson
88%
Pittsburgh SteelersLOLB95T.J. Watt
88%
Green Bay PackersHB92Aaron Jones
87%
Arizona CardinalsLE90J.J. Watt
87%
Buffalo BillsQB89Josh Allen
87%
Los Angeles ChargersWR93Keenan Allen
87%
Arizona CardinalsLOLB95Chandler Jones
86%
Washington Football TeamDT91Jonathan Allen
86%
Tennessee TitansWR89Julio Jones
86%
Baltimore RavensQB92Lamar Jackson
86%
New Orleans SaintsHB94Alvin Kamara
85%
Los Angeles RamsWR91Cooper Kupp
83%
Dallas CowboysRG98Zack Martin
83%
Dallas CowboysQB91Dak Prescott
82%
Tampa Bay BuccaneersWR91Mike Evans
82%
Green Bay PackersCB95Jaire Alexander
81%
New Orleans SaintsWR92Michael Thomas
81%
Dallas CowboysWR93Amari Cooper
80%
Seattle SeahawksMLB93Bobby Wagner
80%
Minnesota VikingsSS91Harrison Smith
80%
Baltimore RavensK90Justin Tucker
80%
San Francisco 49ersRE93Nick Bosa
80%
San Francisco 49ersMLB94Fred Warner
79%
Los Angeles ChargersLOLB92Joey Bosa
79%
Dallas CowboysLT93Tyron Smith
79%
Green Bay PackersLOLB89Za'Darius Smith
79%
Las Vegas RaidersTE92Darren Waller
78%
Seattle SeahawksWR90D.K. Metcalf
78%
Dallas CowboysHB90Ezekiel Elliott
78%
Chicago BearsLOLB94Khalil Mack
77%
Baltimore RavensTE90Mark Andrews
77%
Carolina PanthersCB97Stephon Gilmore
77%
Arizona CardinalsSS93Budda Baker
75%
Indianapolis ColtsLG96Quenton Nelson
75%
Buffalo BillsCB93Tre'Davious White
75%
San Francisco 49ersLT95Trent Williams
75%
Cincinnati BengalsHB89Joe Mixon
73%
Washington Football TeamWR90Terry McLaurin
72%
Kansas City ChiefsSS95Tyrann Mathieu
72%
Tampa Bay BuccaneersTE89Rob Gronkowski
71%
Los Angeles ChargersSS91Derwin James Jr.
70%
Pittsburgh SteelersRE93Cameron Heyward
68%
Las Vegas RaidersCB90Casey Hayward Jr.
67%
Philadelphia EaglesCB90Darius Slay Jr.
67%
Tampa Bay BuccaneersDT93Vita Vea
66%
Philadelphia EaglesDT90Fletcher Cox
65%
Tampa Bay BuccaneersWR89Antonio Brown
63%
New Orleans SaintsLE91Cameron Jordan
63%
Miami DolphinsCB89Xavien Howard
63%
Indianapolis ColtsDT92DeForest Buckner
62%
Cincinnati BengalsFS91Jessie Bates III
62%
Los Angeles RamsLOLB93Von Miller
62%
Denver BroncosFS90Justin Simmons
61%
Cleveland BrownsCB89Denzel Ward
59%
New Orleans SaintsMLB92Demario Davis
58%
Tampa Bay BuccaneersMLB91Lavonte David
58%
Baltimore RavensCB91Marlon Humphrey
58%
Green Bay PackersLT96David Bakhtiari
57%
Tennessee TitansFS91Kevin Byard
57%
Minnesota VikingsLE89Danielle Hunter
53%
Indianapolis ColtsLOLB89Darius Leonard
51%
New Orleans SaintsLT94Terron Armstead
50%
Dallas CowboysLE89DeMarcus Lawrence
49%
Tampa Bay BuccaneersRT90Tristan Wirfs
49%
Baltimore RavensRE90Calais Campbell
47%
New England PatriotsFS89Devin McCourty
47%
Houston TexansLT89Laremy Tunsil
46%
Green Bay PackersSS89Adrian Amos
45%
Minnesota VikingsMLB89Eric Kendricks
44%
Tampa Bay BuccaneersC92Ryan Jensen
42%
Tampa Bay BuccaneersLOLB90Shaquil Barrett
41%
Baltimore RavensLT92Ronnie Stanley
38%
Arizona CardinalsC92Rodney Hudson
36%
Cleveland BrownsLG89Joel Bitonio
33%
Philadelphia EaglesRG91Brandon Brooks
30%
Los Angeles ChargersC89Corey Linsley
30%
Cleveland BrownsRG89Wyatt Teller
30%
New Orleans SaintsRT89Ryan Ramczyk
27%
Tampa Bay BuccaneersLG90Ali Marpet
24%
Las Vegas RaidersLG89Richie Incognito
20%
Minnesota VikingsDT89Michael Pierce
19%
Pittsburgh SteelersLE89Stephon Tuitt
17%

Score Distribution

Percentile by Number Answered

Percent of People with Each Score

Your Score History

You have not taken this quiz since the last reset